| 000 | 00522nmm a2200169Ia 4500 | ||
|---|---|---|---|
| 008 | 251105s9999||||xx |||||||||||||||||und|| | ||
| 020 | _a8476587953 | ||
| 041 | _aspa | ||
| 100 | _aGonzález Alcantud, José Antonio | ||
| 245 | 0 | _aEl orientalismo desde el Sur | |
| 264 |
_a[Madrid, España] : _bAnthropos, _c2006 |
||
| 300 | _a374 páginas | ||
| 490 | _aPensamiento crítico / Pensamiento utópico: crítica y utopía | ||
| 650 | _aSociology | ||
| 856 | _uhttps://public.digitaliapublishing.com/a/13581 | ||
| 942 | _cCF | ||
| 999 |
_c73381 _d73381 |
||